000 01320nam0a22003251 4500
001 v19\rc\1984838
005 20260405205159.0
035 _a(NLR Aleph) 005270102
090 _a5990347
_c5990347
100 _a20080623d1914 |||y0rusy50 ca
101 1 _arus
_ceng
102 _aRU
105 _ac z ||||a
200 1 _aАвтобиография
_eС портр. авт.
_fГерберт Спенсер
_gПер. с англ. под ред. и со вступ. ст. проф. Л.Е. Владимирова
210 _aСанкт-Петербург
_cПросвещение
_d1914
215 _a2 т.
_cфронт. (портр.)
_d19
225 1 _aЖизнь великих людей
_eСобр. замечат. автобиогр.
532 1 3 _aАвтобиография
700 1 _aСпенсер
_bГ.
_f1820-1903
_gГерберт
702 1 _4340
_4080
_7ca
_8rus
_aВладимиров
_bЛ. Е.
_cюрист
_f1845-1917
_gЛеонид Евстафьевич
_975379
_3RU\NLR\AUTH\7792452
801 0 _aRU
_bNLR
_c20080623
_gpsbo
801 0 _aRU
_bRuMoRGB
_c20080623
_2psbo
801 1 _aRU
_bProSoft-M
_c20080623
_2rusmarc
801 2 _aRU
_bNLR
_c20101222
_2rusmarc
852 _aNLR
_j37.40.6.48(1-2)
852 _aNLR
_j129/2273
852 _aNLR
_bМф
_jК1/6638(1, 2)
942 _cBOOK
980 _aNB